वेदार्थपारिजात / (Record no. 122233)

MARC details
000 -LEADER
fixed length control field 01640nam a2200289 4500
010 ## - LIBRARY OF CONGRESS CONTROL NUMBER
LC control number A-110057
020 ## - INTERNATIONAL STANDARD BOOK NUMBER
Terms of availability 300.00
035 ## - SYSTEM CONTROL NUMBER
System control number A-110057
037 ## - SOURCE OF ACQUISITION
Source of stock number/acquisition Cen Lib / Ret
040 ## - CATALOGING SOURCE
Original cataloging agency DPL
Language of cataloging HN
082 ## - DEWEY DECIMAL CLASSIFICATION NUMBER
Classification number 220.21
Item number करपा
100 ## - MAIN ENTRY--PERSONAL NAME
Personal name करपात्रमहराजा
245 ## - TITLE STATEMENT
Title वेदार्थपारिजात /
Statement of responsibility, etc करपात्रमहराजा ;अनुवादक ब्रजवल्लभदिवेदी ; संपादक पट्टाभिरामशास्त्री, मार्कण्डेय ब्रह्मचारी और गजाननशास्त्री मुसलगावकार
246 ## - VARYING FORM OF TITLE
Title proper/short title Vedaarthpararijata /
Remainder of title by karpatr ; translated by Brijvallbhdiwedi ; edited by Pattabhiramshastri , Markandy Bharmachari and Gajannshastri Muslgaokar
260 ## - PUBLICATION, DISTRIBUTION, ETC. (IMPRINT)
Place of publication, distribution, etc कलकाता
Name of publisher, distributor, etc श्रीराधाकृष्ण धानुका प्रकाशन संस्थान
Date of publication, distribution, etc 1938
270 ## - ADDRESS
Address 14 नेताजी सुभाष रोड
City कलकाता
300 ## - PHYSICAL DESCRIPTION
Extent v 1.608p. ; v 2.609-2274p.
Other physical details 24cm(Hb)
650 ## - SUBJECT ADDED ENTRY--TOPICAL TERM
Topical term or geographic name as entry element Hindu Relition
650 ## - SUBJECT ADDED ENTRY--TOPICAL TERM
Topical term or geographic name as entry element Hindu philosophy
650 ## - SUBJECT ADDED ENTRY--TOPICAL TERM
Topical term or geographic name as entry element हिंदू दर्शन
650 ## - SUBJECT ADDED ENTRY--TOPICAL TERM
Topical term or geographic name as entry element हिंदू धर्म
700 ## - ADDED ENTRY--PERSONAL NAME
Personal name ब्रजवल्लभदिवेदी
700 ## - ADDED ENTRY--PERSONAL NAME
Personal name पट्टाभिरामशास्त्री
700 ## - ADDED ENTRY--PERSONAL NAME
Personal name मार्कण्डेय ब्रह्मचारी
700 ## - ADDED ENTRY--PERSONAL NAME
Personal name गजाननशास्त्री मुसलगावकार
942 ## - ADDED ENTRY ELEMENTS (KOHA)
Source of classification or shelving scheme Dewey Decimal Classification
Koha item type Hindi Books
Classification part 220.21
Call number suffix करपा
Holdings
Withdrawn status Lost status Materials specified (bound volume or other part) Damaged status Not for loan Collection code Home library Current library Date acquired Source of acquisition Cost, normal purchase price Total Checkouts Full call number Barcode Date last seen Copy number Cost, replacement price Price effective from Koha item type
    v.1   Not For Loan Reference Central Library Central Library 09/03/2016 Cen Lib/Ret 300.00   220.21 करपा A-110057 09/03/2016 1 300.00 27/07/2016 Hindi Books
    v.2   Not For Loan Reference Central Library Central Library 09/03/2016 Cen Lib/Ret 300.00   220.21 करपा A-110058 09/03/2016 2 300.00 27/07/2016 Hindi Books

© Delhi Public Library
Hit Counter
free hit counter